Carbon nanotubes and their applications / (Record no. 21417)
[ view plain ]
| 000 -LEADER | |
|---|---|
| fixed length control field | 00975cam a22003015a 4500 |
| 001 - CONTROL NUMBER | |
| control field | 9579674 |
| 005 - DATE AND TIME OF LATEST TRANSACTION | |
| control field | 20201124142028.0 |
| 008 - FIXED-LENGTH DATA ELEMENTS--GENERAL INFORMATION | |
| fixed length control field | 110524t2012 si a frb 001 0 eng d |
| 020 ## - INTERNATIONAL STANDARD BOOK NUMBER | |
| Cancelled/invalid ISBN | 9789814241908 |
| 040 ## - CATALOGING SOURCE | |
| Original cataloging agency | CaPaEBR |
| Transcribing agency | CaPaEBR |
| Modifying agency | WaSeSS |
| -- | EG-ScBUE |
| Language of cataloging | eng |
| 082 04 - DEWEY DECIMAL CLASSIFICATION NUMBER | |
| Edition number | 22 |
| Classification number | 620.5 |
| Item number | CAR |
| 245 00 - TITLE STATEMENT | |
| Title | Carbon nanotubes and their applications / |
| Statement of responsibility, etc | edited by Qing Zhang. |
| 260 ## - PUBLICATION, DISTRIBUTION, ETC. (IMPRINT) | |
| Place of publication, distribution, etc | Singapore : |
| Name of publisher, distributor, etc | Pan Stanford Publishing, |
| Date of publication, distribution, etc | c.2012. |
| 300 ## - PHYSICAL DESCRIPTION | |
| Extent | xvii, 573 p. : |
| Other physical details | ill. ; |
| Dimensions | 24 cm. |
| 490 0# - Series Statement | |
| Series statement | Pan Stanford series on carbon-based nanomaterials ; |
| Volume/sequential designation | v. 1 |
| 500 ## - GENERAL NOTE | |
| General note | Index : p. [565]-573. |
| 504 ## - BIBLIOGRAPHY, ETC. NOTE | |
| Bibliography, etc | Includes bibliographical references. |
| 506 ## - RESTRICTIONS ON ACCESS NOTE | |
| Terms governing access | License restrictions may limit access. |
| 650 #7 - SUBJECT ADDED ENTRY--TOPICAL TERM | |
| Topical term or geographic name as entry element | Nanotubes. |
| Source of heading or term | BUEsh |
| 9 (RLIN) | 39557 |
| 651 ## - SUBJECT ADDED ENTRY--GEOGRAPHIC NAME | |
| Source of heading or term | BUEsh |
| 653 ## - INDEX TERM--UNCONTROLLED | |
| Resource For college | Pharmacy |
| Arrived date list | March2016 |
| 700 1# - ADDED ENTRY--PERSONAL NAME | |
| Personal name | Zhang, Qing, |
| Relator term | editor. |
| 710 2# - ADDED ENTRY--CORPORATE NAME | |
| Corporate name or jurisdiction name as entry element | ebrary, Inc. |
| 773 #0 - HOST ITEM ENTRY | |
| Title | MATERIALSnetBASE |
| 773 #0 - HOST ITEM ENTRY | |
| Title | NANOnetBASE |
| 910 ## - USER-OPTION DATA (OCLC) | |
| User-option data | Vendor-generated brief record |
| 942 ## - ADDED ENTRY ELEMENTS (KOHA) | |
| Source of classification or shelving scheme | Dewey Decimal Classification |
| Withdrawn status | Item status | Source of classification or shelving scheme | Damaged status | Not for loan | Vendor | Home library | Current library | Shelving location | Date acquired | Source of acquisition | Coded location qualifier | Cost, normal purchase price | Serial Enumeration / chronology | Total Checkouts | Total Renewals | Full call number | Barcode | Date last seen | Date last borrowed | Cost, replacement price | Koha item type |
|---|---|---|---|---|---|---|---|---|---|---|---|---|---|---|---|---|---|---|---|---|---|
| Dewey Decimal Classification | Central Library | Central Library | First floor | 15/03/2016 | Purchase | 2015-06-29 | 1330.00 | 1 | 4 | 13 | 620.5 CAR | 000032046 | 15/07/2025 | 25/10/2017 | 1662.50 | Book - Borrowing |